Promises to keep: A portrayal of nonwhites in the United States, 2v v1- to 1865, v2- from 1865 (Record no. 201544)

MARC details
000 -LEADER
fixed length control field 00432nam a2200145Ia 4500
008 - FIXED-LENGTH DATA ELEMENTS--GENERAL INFORMATION
fixed length control field 230917s9999||||xx |||||||||||||| ||und||
040 ## - CATALOGING SOURCE
-- 97152
Original cataloging agency VIVEKANANDA LIBRARY
041 ## - Language
-- English
082 ## - DDC NUMBER
Classification number 973 G463P
100 ## - MAIN ENTRY--PERSONAL NAME
Personal name Glasrud, Bruce A
245 #0 - TITLE STATEMENT
Title Promises to keep: A portrayal of nonwhites in the United States, 2v v1- to 1865, v2- from 1865
260 ## - PUBLICATION, DISTRIBUTION, ETC. (IMPRINT)
Place of publication, distribution, etc Chicago
Name of publisher, distributor, etc Rand McNally
Date of publication, distribution, etc 1972
300 ## - PHYSICAL DESCRIPTION
Pages ix, 205 p. ; ix, 398
942 ## - ADDED ENTRY ELEMENTS (KOHA)
Koha item type Books
Holdings
Withdrawn status Lost status Damaged status Not for loan Location (home branch) Sublocation or collection (holding branch) Date acquired Koha issues (times borrowed) Koha full call number Accession No. Koha date last seen Koha item type
        VIVEKANANDA LIBRARY VIVEKANANDA LIBRARY 16/07/2012   973 G463P 60751 17/09/2023 Books
        VIVEKANANDA LIBRARY VIVEKANANDA LIBRARY 16/07/2012   973 G463P 60752 17/09/2023 Books
© Designed and Maintained by Vivekananda Library, MDU Rohtak